L'adaptation de l' O.N.U au monde d'aujourd'hui

Saved in:
Bibliografiske detaljer
Format: Bog
Sprog:fransk
Udgivet: París Pedone 1965
Fag:
Tags: Tilføj Tag
Ingen Tags, Vær først til at tagge denne postø!

MARC

LEADER 00000nam a2200000 a 4500
001 UCT7043
003 CL-VaPUC
005 20240410164306.0
008 970116e19650000fr 1 fre d
082 0 4 |a 341.23  |b LAD  |2 21 
245 1 2 |a L'adaptation de l' O.N.U au monde d'aujourd'hui 
260 |a París  |b Pedone  |c 1965 
300 |a 230 p 
583 |a last modification  |c 19970116 00:00:00  |k Rodrigo Vera 
650 0 0 |a Relaciones Internacionales  |9 255740 
650 0 0 |a Derecho internacional  |9 255637 
650 0 0 |a Estado  |9 255503 
650 0 0 |a Naciones  |9 337518 
650 0 0 |a Cooperación internacional  |9 255447 
650 0 0 |a Política internacional  |9 255813 
650 0 7 |a SISTEMA DE NACIONES UNIDAS  |2 CL-VaPUC  |9 372032 
650 0 7 |a ESTADOS MIEMBROS  |2 CL-VaPUC  |9 377660 
942 |c BK 
945 |a paguirre  |d 19970116 00:00:00 
546 |a En Francés 
518 |p Colloque International de Nice, Nice, 27 al 29 de Mayo de 1965 
999 |c 382813  |d 382811 
952 |0 0  |1 0  |4 0  |6 341_230000000000000_LAD_1965  |7 0  |8 A  |9 504704  |a BIBDER  |b BIBDER  |d 2020-01-23  |i 1805592  |o 341.23 LAD 1965  |p 1805592  |r 2023-01-25  |w 2020-01-23  |y BK  |k DER